| 000 | 00332nam a22001337a 4500 | ||
|---|---|---|---|
| 008 | 170331b xxu||||| |||| 00| 0 eng d | ||
| 020 | _a0136570232 | ||
| 041 | _aeng | ||
| 080 |
_22ND _a616-053.2 |
||
| 100 | _a8 | ||
| 101 | _aSHM | ||
| 245 |
_aCONCEPTUAR AND MOTOR DEVELOPMENT IN INFANTS AND CHILDREN _cCRATTY, B.J |
||
| 942 |
_2udc _cBK |
||
| 999 |
_c9278 _d9278 |
||